Luz de agua /
David Doubilet (Nueva York, 1946), se inició en el buceo desde niño, pasión que, una vez adulto y con estudios en cine y televisión en la Universidad de Boston, lo llevó a dedicarse a la fotografía submarina. Ha colaborado con algunos de los grandes biólogos y fotógrafos marinos, en los más diversos...
保存先:
| 第一著者: | |
|---|---|
| その他の著者: | |
| フォーマット: | 図書 |
| 言語: | スペイン語 |
| 出版事項: |
Nueva York, EUA :
Phaidon,
2003, c2003
|
| 主題: | |
| タグ: |
タグなし, このレコードへの初めてのタグを付けませんか!
|
MARC
| LEADER | 00000nam^a2200000^a^4500 | ||
|---|---|---|---|
| 001 | 000181684 | ||
| 005 | 20250526000000.0 | ||
| 009 | 20260310101939.551 | ||
| 020 | |a 0-7148-9776-0 | ||
| 037 | |a Acervo ITESO - Biblioteca | ||
| 041 | |a ESP | ||
| 082 | |a 770. 973 |b DOU GOU | ||
| 100 | |a Doubilet, David |e (fotógrafo) | ||
| 245 | 1 | 0 | |a Luz de agua / |c D. Doubilet ; texto de G. Gourlay ; tr. por Mariano Ramírez. |
| 264 | 4 | |a Nueva York, EUA : |b Phaidon, |c 2003, c2003 | |
| 300 | |a 1 v. (sin paginación) ; |c 24.5 cm. | ||
| 336 | |a texto |b txt |2 rdacontenido | ||
| 337 | |a sin mediación |b n |2 rdamedio | ||
| 338 | |a volumen |b nc |2 rdasoporte | ||
| 500 | |a Traducción de: Water Light | ||
| 520 | |a David Doubilet (Nueva York, 1946), se inició en el buceo desde niño, pasión que, una vez adulto y con estudios en cine y televisión en la Universidad de Boston, lo llevó a dedicarse a la fotografía submarina. Ha colaborado con algunos de los grandes biólogos y fotógrafos marinos, en los más diversos mares del planeta (las Galápagos, Australia, el Mar Rojo, etc.) y, desde 1976, forma parte del equipo de National Geographic. Ha obtenido numerosos reconocimientos, entre los cuales destaca el prestigioso Premio Sara de la revista italiana Mondo Sommerso. | ||
| 649 | |a XX | ||
| 650 | |a Fotógrafos Norteamericanos | ||
| 650 | |a Artistas Norteamericanos | ||
| 650 | |a Mar - |x Descripción | ||
| 650 | |a Oceanografía | ||
| 650 | |a Geografía Física | ||
| 650 | |a Flora Marina | ||
| 650 | |a Fauna Marina | ||
| 650 | |a Biología Marina | ||
| 650 | |a Buceo | ||
| 650 | |a Deportes Acuáticos | ||
| 650 | |a Fotografía Submarina | ||
| 650 | |a Fotografía de la Naturaleza | ||
| 650 | |a Fotografía Norteamericana | ||
| 650 | |a Arte Norteamericano | ||
| 650 | |a Doubilet, David | ||
| 700 | |a Gourlay, Graeme |e (texto) | ||
| 910 | |a Fondo General | ||
| 920 | |a Impresos - Libros | ||
| 930 | |a Libros Antiguos y Raros | ||
| 905 | |a 108 | ||
| 901 | |a 0500121363 |b IT2 |c LRA |u 20250526 | ||
| 902 | |a https://opac.biblio.iteso.mx/vufind/Record/000181684 | ||